000 01551nac a22002531u 4500
008 110310s2010 nju|||||r|||| 001 0 eng d
010 _a2003269366
020 _a0132071487
020 _a9780132071482
082 0 0 _a006.3
_bRUS
100 _aRussell, Stuart J.
_922470
245 1 0 _aArtificial Intelligence :
_bA Modern Approach /
_cStuart J. Russell and Peter Norvig ; contributing writers, John F. Canny ... [et al.].
250 _a3rd ed.
260 _aUpper Saddle River, N.J. :
_b Prentice Hall/Pearson Education, 2010
_c2010
300 _axxviii, 1132 p. :
_bill. ;
_c27 cm.
504 _aIncludes bibliographical references (p. 1063-1094) and index.
650 0 _aArtificial intelligence.
_922471
700 1 _aNorvig, Peter.
_922472
942 _cBB
_k006.3 RUS
_2ddc
999 _c14981
_d14981